Mariano Marcos State University

University Library System

Microclimate modification through tobacco-legume intercropping (Record no. 9697)

MARC details
000 -LEADER
fixed length control field 00511nam a22001457a 4500
005 - DATE AND TIME OF LATEST TRANSACTION
control field 20171010095508.0
008 - FIXED-LENGTH DATA ELEMENTS--GENERAL INFORMATION
fixed length control field 110705t xxu||||| |||| 00| 0 eng d
100 ## - MAIN ENTRY--PERSONAL NAME
Personal name Aguinaldo, Marilyn C.
9 (RLIN) 1876
245 ## - TITLE STATEMENT
Statement of responsibility, etc. Marilyn C. Aguinaldo
Title Microclimate modification through tobacco-legume intercropping
260 ## - PUBLICATION, DISTRIBUTION, ETC.
Date of publication, distribution, etc. 1984
300 ## - PHYSICAL DESCRIPTION
Extent xiii, 102 leaves
Dimensions 28 cm.
500 ## - GENERAL NOTE
General note Thesis (M.S. Agrometeorology) -- University of the Philippines, Los Banos, Laguna
500 ## - GENERAL NOTE
General note Bibliography: leaves 85-90
942 ## - ADDED ENTRY ELEMENTS (KOHA)
Source of classification or shelving scheme
Koha item type Thesis/Dissertation
Holdings
Withdrawn status Lost status Source of classification or shelving scheme Damaged status Not for loan Home library Current library Date acquired Total Checkouts Barcode Date last seen Price effective from Koha item type Public note
          REF REF 10/10/2017   4 08/10/2012 10/10/2017 Thesis/Dissertation Library Use only

© 2023 Mariano Marcos State University. All Rights Reserved.

Powered by Koha